[Event "USA tt"]
[Site "ICC INT"]
[Date "2012.09.24"]
[Round "4"]
[White "Alvarez, Ernesto1111"]
[Black "Wang, Andrew"]
[Result "0-1"]
[WhiteElo "2233"]
[BlackElo "2167"]
[PlyCount "32"]
[EventDate "2012.09.04"]
[EventType "team-tourn"]
[EventRounds "10"]
[EventCountry "USA"]
[SourceTitle "CBM 150 Extra"]
[Source "ChessBase"]
[SourceDate "2012.10.19"]
[SourceVersion "1"]
[SourceVersionDate "2012.10.19"]
[SourceQuality "1"]
[WhiteTeam "Miami"]
[BlackTeam "New England"]
[WhiteTeamCountry "USA"]
[BlackTeamCountry "USA"]

1. e4 c5 2. d4 cxd4 3. c3 g6 4. cxd4 d5 5. e5 Bg7 6. Nc3 Nc6 7. Nge2 f6 8. exf6 Nxf6 9. Ng3 Qb6 10. Bb5 0-0 11. Bxc6 bxc6 12. 0-0 Ng4 13. Nge2 Qc7 14. g3 e5 15. dxe5 Nxe5 16. f4 Bh3 0-1

[Event "USA-ch U16"]
[Site "Crossville"]
[Date "2011.07.15"]
[Round "7"]
[White "Wang, Andrew"]
[Black "Mo, Kevin"]
[Result "0-1"]
[WhiteElo "2158"]
[BlackElo "2095"]
[PlyCount "88"]
[EventDate "2011.07.12"]
[EventType "tourn"]
[EventRounds "7"]
[EventCountry "USA"]
[SourceTitle "CBM 143 Extra"]
[Source "ChessBase"]
[SourceDate "2011.08.29"]
[SourceVersion "1"]
[SourceVersionDate "2011.08.29"]
[SourceQuality "1"]

1. e4 c5 2. Nf3 d6 3. d4 cxd4 4. Nxd4 Nf6 5. Nc3 a6 6. Be3 e5 7. Nf3 Be7 8. Bc4 0-0 9. Qe2 Nc6 10. 0-0 b5 11. Bd5 Nxd5 12. Nxd5 Be6 13. Rfd1 Bxd5 14. Rxd5 f5 15. exf5 Rxf5 16. a4 Qc8 17. axb5 Nb4 18. Rd2 axb5 19. Rxa8 Qxa8 20. c3 Nd5 21. h3 Qc6 22. Rd1 Nc7 23. Qc2 Rf7 24. Qb3 h6 25. Ra1 Bf8 26. Ra7 Qd5 27. Qc2 Qe6 28. Qe2 Qd5 29. Ne1 Ne8 30. Ra5 Rb7 31. c4 Qxc4 32. Qf3 Rf7 33. Qa8 Nc7 34. Qb8 Qb4 35. Ra1 Qxb2 36. Rd1 Qb3 37. Rxd6 Nd5 38. Nc2 Qb1+ 39. Kh2 Nxe3 40. Nxe3 Rxf2 41. Ng4 Rf1 42. Rd7 Rh1+ 43. Kg3 Qe1+ 44. Nf2 Qe3+ 0-1

[Event "USA-ch U16"]
[Site "Crossville"]
[Date "2011.07.13"]
[Round "3"]
[White "Wang, Andrew"]
[Black "Shen, Arthur"]
[Result "0-1"]
[WhiteElo "2158"]
[BlackElo "2155"]
[PlyCount "64"]
[EventDate "2011.07.12"]
[EventType "tourn"]
[EventRounds "7"]
[EventCountry "USA"]
[SourceTitle "CBM 143 Extra"]
[Source "ChessBase"]
[SourceDate "2011.08.29"]
[SourceVersion "1"]
[SourceVersionDate "2011.08.29"]
[SourceQuality "1"]

1. e4 c5 2. Nf3 d6 3. Bb5+ Nc6 4. d4 cxd4 5. Qxd4 Bd7 6. Bxc6 Bxc6 7. Bg5 h6 8. Bh4 Qd7 9. Nc3 e5 10. Qd3 g5 11. Bg3 Ne7 12. 0-0-0 0-0-0 13. Qe3 Qe6 14. Qxa7 Bg7 15. Rd3 f5 16. exf5 Nxf5 17. Re1 Nxg3 18. hxg3 Qf7 19. Na4 e4 20. Nd4 Bxd4 21. Rxd4 Qxf2 22. Nb6+ Kc7 23. Rdxe4 Qxb6 24. Re7+ Rd7 25. Qa3 Rhd8 26. R7e6 h5 27. Rg6 Qb5 28. Qe3 g4 29. Qd2 Rf7 30. Rg5 Rf5 31. Rg7+ Kb8 32. b3 Rf1 0-1

[Event "Quebec op U2400"]
[Site "Montreal"]
[Date "2009.07.22"]
[Round "6"]
[White "Caire, Francois"]
[Black "Wang, Andrew"]
[Result "0-1"]
[WhiteElo "2260"]
[BlackElo "2114"]
[PlyCount "68"]
[EventDate "2009.07.18"]
[EventType "swiss"]
[EventRounds "9"]
[EventCountry "CAN"]
[SourceTitle "EXT 2011"]
[Source "ChessBase"]
[SourceDate "2010.11.26"]
[SourceVersion "1"]
[SourceVersionDate "2010.11.26"]
[SourceQuality "1"]

1. d4 Nf6 2. Nf3 g6 3. c4 Bg7 4. Nc3 d6 5. e4 0-0 6. Be2 e5 7. 0-0 Nc6 8. d5 Ne7 9. Ne1 Nd7 10. Be3 f5 11. f3 f4 12. Bf2 g5 13. Rc1 Ng6 14. c5 Nf6 15. cxd6 cxd6 16. Nb5 Ne8 17. Nxa7 Bd7 18. Qb3 Rb8 19. Qb6 Qe7 20. Nc6 bxc6 21. Qxb8 cxd5 22. Qb3 Nf6 23. exd5 e4 24. fxe4 Nxe4 25. Nc2 Nd2 26. Qb4 Nxf1 27. Bxf1 g4 28. g3 fxg3 29. hxg3 Qf7 30. Bd4 Ne5 31. Be2 Nf3+ 32. Bxf3 Qxf3 33. Bxg7 Qxg3+ 34. Kh1 Rf2 0-1

[Event "Quebec op U2400"]
[Site "Montreal"]
[Date "2009.07.20"]
[Round "4"]
[White "Wang, Andrew"]
[Black "Audet Bouchard, Nicolas"]
[Result "1-0"]
[WhiteElo "2114"]
[BlackElo "2151"]
[PlyCount "85"]
[EventDate "2009.07.18"]
[EventType "swiss"]
[EventRounds "9"]
[EventCountry "CAN"]
[SourceTitle "EXT 2011"]
[Source "ChessBase"]
[SourceDate "2010.11.26"]
[SourceVersion "1"]
[SourceVersionDate "2010.11.26"]
[SourceQuality "1"]

1. e4 c5 2. Nf3 Nc6 3. Bb5 e6 4. Bxc6 bxc6 5. d3 Ne7 6. Qe2 Ng6 7. h4 h5 8. e5 Be7 9. Qe4 Rb8 10. c4 d5 11. exd6 Qxd6 12. Nc3 f5 13. Qe2 Bf6 14. Rh3 Nf4 15. Bxf4 Qxf4 16. Kf1 0-0 17. Ng5 g6 18. Re1 Re8 19. Na4 Qd6 20. b3 e5 21. Rg3 Bg7 22. f4 Bd7 23. Rf3 exf4 24. Qd2 Rxe1+ 25. Qxe1 Bd4 26. Nc3 Re8 27. Ne2 Be3 28. Qd1 Qe5 29. Nh3 Qf6 30. Nexf4 Qb2 31. Rg3 Kf7 32. Rxg6 Bd2 33. Ng5+ Kf8 34. Ne2 f4 35. Ne4 Be3 36. Rf6+ Kg7 37. Nxf4 Rxe4 38. Nxh5+ Kh7 39. dxe4 Be8 40. Rf5 Bg6 41. Nf6+ Kg7 42. Qd7+ Bf7 43. Nh5+ 1-0

[Event "Wch U10"]
[Site "Belfort"]
[Date "2005.07.22"]
[Round "3"]
[White "Wang, Andrew"]
[Black "Sanchez Ibern, Marc"]
[Result "0-1"]
[WhiteElo "1599"]
[BlackElo "1914"]
[PlyCount "106"]
[EventDate "2005.07.19"]
[EventType "swiss"]
[EventRounds "11"]
[EventCountry "FRA"]
[SourceTitle "CBM 107 Extra"]
[Source "ChessBase"]
[SourceDate "2005.09.01"]
[SourceVersion "1"]
[SourceVersionDate "2005.09.01"]
[SourceQuality "1"]

1. e4 e6 2. d4 d5 3. Nc3 Nf6 4. e5 Nfd7 5. f4 a6 6. Nf3 c5 7. Be3 Nc6 8. Qd2 b5 9. dxc5 Bxc5 10. Bxc5 Nxc5 11. Qf2 Qb6 12. Bd3 Nxd3+ 13. cxd3 Qxf2+ 14. Kxf2 Bb7 15. Ne2 Rc8 16. Ned4 Nb4 17. Rhd1 Kd7 18. a3 Nc6 19. Nxc6 Rxc6 20. Nd4 Rc5 21. Rac1 Rhc8 22. Rxc5 Rxc5 23. Ke2 Rc8 24. Kd2 Rg8 25. Rf1 g6 26. Kc3 Kc7 27. Kb4 Kb6 28. g3 Rc8 29. Kb3 a5 30. Ka2 b4 31. g4 Ba6 32. Rd1 bxa3 33. bxa3 h5 34. h3 hxg4 35. hxg4 Rh8 36. f5 gxf5 37. gxf5 exf5 38. Nxf5 Rh5 39. Nd6 Rxe5 40. Nxf7 Re3 41. Kb3 Bxd3 42. Kc3 Bc4+ 43. Kd4 Re4+ 44. Kc3 Kc5 45. Ng5 Re3+ 46. Kd2 Re2+ 47. Kc1 Bb3 48. Rg1 d4 49. Nf3 Rc2+ 50. Kb1 Rf2 51. Ne5 Kd5 52. Nd3 Bc2+ 53. Kc1 Bxd3 0-1